00405nam a22001337a 4500003000500000038001800005082000800023100001900031245007800050264003300128650002000161700003200181856005800213NUST aNusrat Nadeem a200 aAkmal, Maryam  aINTERNATIONAL BUSINESS PROJECT VISIT TO BAKU, AZERBAIJAN/c Maryam Akmal, aIslamabad:bNBS NUST.c2025. aExecutive MBA  aSupervisor: Ms. Ramia Kiran u http://10.250.8.41:8080/xmlui/handle/123456789/55870